Normal view
MARC view
- ادارة الاعمال - المعلومات الادارية
Entry Topical Term
001 - CONTROL NUMBER
- control field: 29739
003 - CONTROL NUMBER IDENTIFIER
- control field: JO-AjAnu
005 - DATE AND TIME OF LATEST TRANSACTION
- control field: 20230606075026.0
008 - FIXED-LENGTH DATA ELEMENTS
- fixed length control field: 230606|| aca||aabn | a|a d
040 ## - CATALOGING SOURCE
- Original cataloging agency: JO-AjAnu
- Transcribing agency: JO-AjAnu
150 ## - HEADING--TOPICAL TERM
- Topical term or geographic name entry element: ادارة الاعمال - المعلومات الادارية
670 ## - SOURCE DATA FOUND
- Source citation: Work cat.: (JO-AjAnu)15269: تاليف الطائي، محمد عبد المحسن آل فرج, author 29738, المدخل الى نظم المعلومات الادارية :ادارة تكنولوجيا المعلومات= Introduction To Management Information Systems:Information Technology